Europejska historia dla głupich - Statystyki

Ogólne statystyki
  • Ten quiz został rozwiązany 12 361 razy
  • Średni wynik to 12 z 15
Statystyki odpowiedzi
Zagadnienie Odpowiedź % Poprawnych
Kto dowodził III Rzeszą podczas II wojny światowej? Adolf Hitler
96%
Czy Wikingowie używali pistoletów? Nie
94%
Które miasto jest nazywane stolicą demokracji? Ateny
92%
Które państwo opłaciło wyprawy Krzysztofa Kolumba? Hiszpania
90%
Które z poniższych miast było najpotężniejsze w czasach życia Jezusa? Rzym
90%
Jaki był język urzędowy w ZSRR? Rosyjski
89%
Prawda czy fałsz - liczba ludności w Europie jest większa niż była 1000 lat temu Prawda
87%
Który rok należał do epoki średniowiecza? 1200 n.e.
83%
Z czego słynął Marcin Luter? Przybił tablice z postulatami do kościoła
81%
Kto napisał "Manifest komunistyczny"? Karl Marx
77%
Kto pomalował sklepienie Kaplicy Sykstyńskiej? Michał Anioł
77%
Ile żon miał Henryk VIII? 6
68%
Które z podanych zostało wynalezione w Europie? Silnik parowy
66%
Którym językiem władał Aleksander Wielki? Greckim
64%
Jaki był przydomek Włada III znanego jako Drakula? Palownik
54%
Nie znaleziono quizów pasujących do podanych kryteriów
Rozkład punktacji
Procent ludzi z każdym wynikiem
Percentyl według liczby udzielonych odpowiedzi
Twoja historia wyników
Nie rozwiązałeś tego quizu